000 00594nam a22001697a 4500
003 BD-DhUL
005 20170808152800.0
008 170320snd. ii ||||| |||| 00| 0 ara d
040 _aBD-DhUL
_cBD-DhUL
082 _a892.71
_bHAQ
100 0 _aحبیب الرحمن العںمانی
245 1 0 _aقصیدۃ اکلاقیۃ مناجتیۃ ملقبة بحکمۃ الشعر :
_cحبیب الرحمن العںمانی
_bHRC Collection /
260 _aالدیوبند :
_bمطبعۃ القاسمیۃ،
_c۔
300 _aص۔ ۳۰ ؛
_c۲۴ سم۔
650 0 _aArabic poetry
942 _2ddc
_cBK
999 _c213226
_d213226